000 01192nam a2200301 i 4500
003 DO-SdBNP
005 20230718113413.0
007 ta
008 201208b2008 dr |||||r|||| 00| 0 spa d
020 _a9789945415209
040 _aDO-sdBNP
_bspa
_cBNPHU
_erda
082 4 _a344.729301
_bH557j
_222
100 1 _aHernández Contreras, Carlos
_917540
245 1 0 _aJurisprudencia laboral dominicana durante el siglo XX y glosario de temas para búsquedas en el código de trabajo /
_cCarlos Hernóndez Contreras ; prólogo Alexánder Godínez Vargas
264 _aSanto Domingo :
_bPUCMM,
_c2008.
300 _a332 páginas ;
_c21 cm.
336 _2rdacontent
_atexto
_btxt
337 _2rdamedia
_asin mediación
_bn
338 _2rdacarrier
_avolumen
_bnc
590 _aInventariado, 2023/BT
650 4 _aDerecho laboral
_zRepública Dominicana
_ySiglo XX
_983780
650 4 _aLegislación laboral
_zRepública Dominicana
_911733
700 1 _aGodínez Vargas , Alexander,
_eprólogo
_977547
710 2 _aOrganización Internacional del Trabajo
_977039
710 2 _aPontificia Unversidad Catolica Madre Maestra
_983781
910 _aValidado. Control de calidad MFF
942 _2ddc
_cLBS1
999 _c49262
_d49262